00462nam a2200157 a 450000100100000000500170001000800410002702000150006804000250008308200160010810000180012424500470014226000540018930000280024350000330027100000584620200929151816.0090824s1998 dr a 000 0 spa d a8493052906 aDO-SdBNPbspacBNPHU axxxxbA325s1 aAlba, Orlando14aLos sonidos del español /cOrlando Alba. aSanto Domingo :bLibrería La Trinitaria,c1998. a198 p. :bil. ;c23 cm. aIncluye glosario: p. 185-193